[Event "IECC M email"]
[Site "IECC email"]
[Date "2000.05.26"]
[Round "?"]
[White "Corbeil, Serge"]
[Black "Agnew, George Hartwell"]
[Result "1-0"]
[WhiteElo "1400"]
[BlackElo "1340"]
[PlyCount "65"]
[EventDate "2000.??.??"]
[EventType "tourn (corr)"]
[EventRounds "2"]
[SourceTitle "Corr 2008"]
[Source "ChessBase"]
[SourceDate "2008.06.24"]
[SourceVersion "1"]
[SourceVersionDate "2008.06.24"]
[SourceQuality "1"]

1. d4 d5 2. c4 Nc6 3. Nf3 Bg4 4. Bg5 h6 5. Bh4 f5 6. e3 g5 7. Bg3 Nf6 8. Be2 Bg7 9. Ne5 Bxe2 10. Qxe2 Nxe5 11. Bxe5 g4 12. Nd2 0-0 13. 0-0 c6 14. f3 Qd7 15. Qf2 h5 16. c5 e6 17. Qh4 Qf7 18. Rf2 Rfe8 19. Nf1 b5 20. Ng3 Qg6 21. Bxf6 Bxf6 22. Qxh5 Qg7 23. fxg4 fxg4 24. Rf4 Kf8 25. Rxf6+ Ke7 26. Rg6 Qh8 27. Qxh8 Rxh8 28. Rxg4 Rh7 29. Rf1 Rah8 30. h3 a5 31. Ne2 b4 32. Nf4 Kd7 33. Ng6 1-0